Detalles MARC
| 000 -CABECERA |
| campo de control de longitud fija |
01599nam a2200349 a 4500 |
| 001 - NÚMERO DE CONTROL |
| campo de control |
000017715 |
| 003 - IDENTIFICADOR DEL NÚMERO DE CONTROL |
| campo de control |
DO-SdBPM |
| 005 - FECHA Y HORA DE LA ÚLTIMA TRANSACCIÓN |
| campo de control |
20250821135729.0 |
| 007 - CAMPO FIJO DE DESCRIPCIÓN FÍSICA--INFORMACIÓN GENERAL |
| campo de control de longitud fija |
ta |
| 008 - DATOS DE LONGITUD FIJA--INFORMACIÓN GENERAL |
| campo de control de longitud fija |
100330s1976 dr a 000 0 spa d |
| 040 ## - FUENTE DE LA CATALOGACIÓN |
| Centro catalogador/agencia de origen |
DO-SdBPM |
| Lengua de catalogación |
spa |
| Centro/agencia transcriptor |
BPMSU |
| Centro/agencia modificador |
rda |
| 049 ## - FONDOS LOCALES (OCLC) |
| Fondos de biblioteca |
|
| 082 #4 - NÚMERO DE LA CLASIFICACIÓN DECIMAL DEWEY |
| Número de clasificación |
923.27293 |
| Número de documento/Ítem |
D812i 1976 |
| Número de edición |
22 |
| 245 00 - MENCIÓN DE TÍTULO |
| Título |
Duarte y la independencia nacional / |
| Mención de responsabilidad, etc. |
Franklin Franco... [et al.]. |
| 264 ## - PRODUCCIÓN, PUBLICACIÓN, DISTRIBUCIÓN, FABRICACIÓN Y COPYRIGHT |
| Producción, publicación, distribución, fabricación y copyright |
Santo Domingo : |
| Nombre del de productor, editor, distribuidor, fabricante |
Ediciones INTEC, |
| Fecha de producción, publicación, distribución, fabricación o copyright |
1976. |
| 300 ## - DESCRIPCIÓN FÍSICA |
| Extensión |
170 páginas ; |
| Dimensiones |
24 cm. |
| Otras características físicas |
|
| 336 ## - TIPO DE CONTENIDO |
| Término de tipo de contenido |
texto |
| Código de tipo de contenido |
txt |
| Fuente |
rdacontent |
| 337 ## - TIPO DE MEDIO |
| Nombre/término del tipo de medio |
sin mediación |
| Código del tipo de medio |
n |
| Fuente |
rdamedia |
| 338 ## - TIPO DE SOPORTE |
| Nombre/término del tipo de soporte |
volumen |
| Código del tipo de soporte |
nc |
| Fuente |
rdacarrier |
| 504 ## - NOTA DE BIBLIOGRAFÍA, ETC. |
| Nota de bibliografía, etc. |
Incluye bibliografía y notas al pie de las páginas. |
| 504 ## - NOTA DE BIBLIOGRAFÍA, ETC. |
| Nota de bibliografía, etc. |
Bibliografía : p. 169-170. |
| 505 0# - NOTA DE CONTENIDO CON FORMATO |
| Nota de contenido con formato |
Introducción -- |
| Título |
La sociedad dominicana de los tiempos de la independencia / |
| Mención de responsabilidad |
Franklin Franco -- |
| Título |
La sociedad haitiana de los tiempos de la independencia / |
| Mención de responsabilidad |
Roberto Cassá -- |
| Título |
Influencia de Juan Pablo Duarte / |
| Mención de responsabilidad |
Pedro Troncoso Sánchez -- |
| Título |
La Trinitaria : su fundación, desarrollo y acciones / |
| Mención de responsabilidad |
Jorge Tena Reyes -- |
| Título |
La ideología revolucionaria de Juan Pablo Duarte / |
| Mención de responsabilidad |
Juan Isidro Jiménes Grullón. |
| 590 ## - NOTA LOCAL (RLIN) |
| Nota local |
Inventariado, 2025/VM |
| 600 z# - PUNTO DE ACCESO ADICIONAL DE MATERIA--NOMBRE DE PERSONA |
| Nombre de persona |
Duarte y Diez, Juan Pablo, |
| 600 #7 - PUNTO DE ACCESO ADICIONAL DE MATERIA--NOMBRE DE PERSONA |
| Nombre de persona |
Duarte, Juan Pablo, |
| Fechas asociadas al nombre |
1813-1876 |
| 651 #0 - PUNTO DE ACCESO ADICIONAL DE MATERIA--NOMBRE GEOGRÁFICO |
| Nombre geográfico |
República Dominicana -- |
| Subdivisión general |
Historia -- |
| Subdivisión cronológica |
1844-1930 |
| 651 #4 - PUNTO DE ACCESO ADICIONAL DE MATERIA--NOMBRE GEOGRÁFICO |
| Nombre geográfico |
República Dominicana |
| Subdivisión general |
Historia |
| Subdivisión cronológica |
OCUPACIÓN HAITIANA, 1822-1844 |
| 651 z# - PUNTO DE ACCESO ADICIONAL DE MATERIA--NOMBRE GEOGRÁFICO |
| Nombre geográfico |
Dominican Republic -- |
| Subdivisión general |
History -- |
| Subdivisión cronológica |
1844-1930 |
| 710 2# - PUNTO DE ACCESO ADICIONAL--NOMBRE DE ENTIDAD CORPORATIVA |
| Nombre de entidad corporativa o nombre de jurisdicción como elemento de entrada |
Instituto Tecnológico de Santo Domingo |
| 910 ## - DATOS DE OPCIÓN DEL USUARIO (OCLC) |
| Datos de opción del usuario |
VMateo V. Control de calidad BPMSU |
| 942 ## - ELEMENTOS DE PUNTO DE ACCESO ADICIONAL (KOHA) |
| Fuente del sistema de clasificación o colocación |
Dewey Decimal Classification |
| Tipo de ítem Koha |
Libros |